| 000 | 02105nam a2200433 i 4500 | ||
|---|---|---|---|
| 001 | ebr10829383 | ||
| 003 | CaPaEBR | ||
| 006 | m o d | ||
| 007 | cr cn||||||||| | ||
| 008 | 130829t20132013gauae ob 001 0 eng|d | ||
| 020 | _z9781589839205 (hardcover binding : alk. paper) | ||
| 020 | _z9781589839182 (paper binding : alk. paper) | ||
| 020 | _a9781589839199 (e-book) | ||
| 040 |
_aCaPaEBR _beng _erda _epn _cCaPaEBR |
||
| 035 | _a(OCoLC)867639383 | ||
| 043 | _aaw----- | ||
| 050 | 1 | 4 |
_aBL1060 _b.H86 2013eb |
| 082 | 0 | 4 |
_a203/.509394 _223 |
| 100 | 1 |
_aHundley, Michael B., _d1978- |
|
| 245 | 1 | 0 |
_aGods in dwellings : _btemples and divine presence in the ancient Near East / _cMichael B. Hundley. |
| 264 | 1 |
_aAtlanta : _bSociety of Biblical Literature, _c[2013] |
|
| 264 | 4 | _c�2013 | |
| 300 |
_a1 online resource (452 pages) : _billustrations, plans. |
||
| 336 |
_atext _2rdacontent |
||
| 337 |
_acomputer _2rdamedia |
||
| 338 |
_aonline resource _2rdacarrier |
||
| 490 | 1 |
_aWritings from the ancient world supplement series ; _vnumber 3 |
|
| 504 | _aIncludes bibliographical references and indexes. | ||
| 505 | 0 | _apart 1. Temples in the ancient Near East -- part 2. Divine presence in ancient Near Eastern temples. | |
| 588 | _aDescription based on print version record. | ||
| 590 | _aElectronic reproduction. Palo Alto, Calif. : ebrary, 2014. Available via World Wide Web. Access may be limited to ebrary affiliated libraries. | ||
| 650 | 0 |
_aTemples _zMiddle East _xHistory _yTo 1500. |
|
| 651 | 0 |
_aMiddle East _xReligion. |
|
| 655 | 0 | _aElectronic books. | |
| 776 | 0 | 8 |
_iPrint version: _aHundley, Michael B. _tGods in dwellings : temples and divine presence in the ancient Near East. _dAtlanta : Society of Biblical Literature, [2013] _hxxvi, 425 pages _kWritings from the ancient world supplement series ; number 3 _z9781589839182 _w(DLC)10829383 |
| 797 | 2 | _aebrary. | |
| 830 | 0 |
_aWritings from the ancient world supplement series ; _vno. 3. |
|
| 856 | 4 | 0 |
_uhttp://site.ebrary.com/lib/rucke/Doc?id=10829383 _zAn electronic book accessible through the World Wide Web; click to view |
| 999 |
_c84925 _d84925 |
||